Socially embedded anti-corruption governance: evidence from Hong Kong (Record no. 115741)

000 -LEADER
fixed length control field 01813pab a2200181 454500
008 - FIXED-LENGTH DATA ELEMENTS--GENERAL INFORMATION
fixed length control field 180718b2017 xxu||||| |||| 00| 0 eng d
100 ## - MAIN ENTRY--PERSONAL NAME
Personal name Gong, Ting
245 ## - TITLE STATEMENT
Title Socially embedded anti-corruption governance: evidence from Hong Kong
260 ## - PUBLICATION, DISTRIBUTION, ETC.
Date of publication, distribution, etc. 2017
300 ## - PHYSICAL DESCRIPTION
Extent p.176-190.
362 ## - DATES OF PUBLICATION AND/OR SEQUENTIAL DESIGNATION
Dates of publication and/or sequential designation Aug
520 ## - SUMMARY, ETC.
Summary, etc. In this study, we seek to identify and explain what factors influence citizens' propensity to confront corruption by reporting suspected corruption cases. From a macro-micro interactive perspective, which we term 'socially embedded anti-corruption governance', we make two propositions focusing on intrinsic and extrinsic factors, respectively. We believe, first, that citizens' response to suspected corrupt behaviour is a good indicator of the level of their tolerance for corruption. If corruption is unacceptable to citizens, they would be more likely to report suspected corruption cases. However, a low level of tolerance of corruption alone does not necessarily explain why people report corruption. We further argue that people's willingness to confront corruption is also affected by the extent to which they are satisfied with and have confidence in the government's anti-corruption endeavours. Drawing on data collected from an original survey of 1025 local residents in Hong Kong, we test the two hypotheses. Our findings confirm that the propensity to report suspected corruption results from both a low level of tolerance towards corruption and the positive perception of the quality of anti-corruption governance. The implications of our findings for other regions, especially Mainland China, are explored. - Reproduced.
650 ## - SUBJECT ADDED ENTRY--TOPICAL TERM
Topical term or geographic name entry element Corruption - Hong Kong
650 ## - SUBJECT ADDED ENTRY--TOPICAL TERM
Topical term or geographic name entry element Corruption
700 ## - ADDED ENTRY--PERSONAL NAME
Personal name Xiao, Hanyu
773 ## - HOST ITEM ENTRY
Main entry heading Public Administration and Development
909 ## -
-- 115747
Holdings
Withdrawn status Lost status Damaged status Not for loan Permanent Location Current Location Date acquired Serial Enumeration / chronology Barcode Date last seen Price effective from Koha item type
        Indian Institute of Public Administration Indian Institute of Public Administration 2018-07-19 Volume no: 37, Issue no: 3 AR116207 2018-07-19 2018-07-19 Articles

Powered by Koha